A Guide to Mental Health & Psychiatric Nursing Semester 5 & 6, (Record no. 367131)
[ view plain ]
| 000 -LEADER | |
|---|---|
| fixed length control field | 00482nam a22001697a 4500 |
| 003 - CONTROL NUMBER IDENTIFIER | |
| control field | OSt |
| 005 - DATE AND TIME OF LATEST TRANSACTION | |
| control field | 20250701153820.0 |
| 008 - FIXED-LENGTH DATA ELEMENTS--GENERAL INFORMATION | |
| fixed length control field | 250701b |||||||| |||| 00| 0 eng d |
| 020 ## - INTERNATIONAL STANDARD BOOK NUMBER | |
| International Standard Book Number | 9789366161686 |
| 100 ## - MAIN ENTRY--PERSONAL NAME | |
| Personal name | Sreevani, R. |
| 245 ## - TITLE STATEMENT | |
| Title | A Guide to Mental Health & Psychiatric Nursing Semester 5 & 6, |
| 250 ## - EDITION STATEMENT | |
| Edition statement | 6th Edition |
| 260 ## - PUBLICATION, DISTRIBUTION, ETC. (IMPRINT) | |
| Place of publication, distribution, etc. | New Delhi |
| Name of publisher, distributor, etc. | Jaypee Brothers Medical Publishers |
| Date of publication, distribution, etc. | 2025 |
| 300 ## - PHYSICAL DESCRIPTION | |
| Extent | XXXIV;553P. |
| 700 ## - ADDED ENTRY--PERSONAL NAME | |
| Personal name | Reddemma, K. |
| 9 (RLIN) | 212477 |
| 942 ## - ADDED ENTRY ELEMENTS (KOHA) | |
| Source of classification or shelving scheme | Dewey Decimal Classification |
| Koha item type | Donated Book |
| Withdrawn status | Lost status | Source of classification or shelving scheme | Damaged status | Not for loan | Home library | Current library | Date acquired | Vendor | Cost, normal purchase price | Total Checkouts | Total Renewals | Full call number | Barcode | Date last seen | Date last checked out | Cost, replacement price | Bill Date | Koha item type |
|---|---|---|---|---|---|---|---|---|---|---|---|---|---|---|---|---|---|---|
| Dewey Decimal Classification | Sitabai Nargundkar College of Nursing Nagpur | Sitabai Nargundkar College of Nursing Nagpur | 26/06/2025 | Donated by Sneha Radheshyam Pingale | 795.00 | 13 | 2 | 610.7368/SRE | SNCN-DB-327 | 01/04/2026 | 20/03/2026 | 795.00 | 26/06/2025 | Donated Book |